000
00284nam a22001217a 4500
040
_c
SY
082
_a
318
100
_a
អ៊ុន ប៊ុនលាង
245
_a
ទ្រឹស្ដី ស្ថិតិ
260
_a
RUA
_b
អ៊ុន
_c
2001
300
_a
137p.
942
_c
KB
999
_c
9146
_d
9146